Welcome to CU Library Online Public Access Catalogue (OPAC)

Managerial accounting : (Record no. 9223)

MARC details
000 -LEADER
fixed length control field 00647pam a2200217 a 4500
001 - CONTROL NUMBER
control field 1523790
005 - DATE AND TIME OF LATEST TRANSACTION
control field 20260415172340.0
008 - FIXED-LENGTH DATA ELEMENTS--GENERAL INFORMATION
fixed length control field 900405s1991 ilua 001 0 eng
020 ## - INTERNATIONAL STANDARD BOOK NUMBER
International Standard Book Number 0256081204
020 ## - INTERNATIONAL STANDARD BOOK NUMBER
International Standard Book Number 9780256081206
050 00 - LIBRARY OF CONGRESS CALL NUMBER
Classification number HF5657.4 .
Item number .G37 1991
082 00 - DEWEY DECIMAL CLASSIFICATION NUMBER
Classification number 658.15/11
Edition information 20
100 1# - MAIN ENTRY--PERSONAL NAME
Personal name Garrison, Ray H.
245 10 - TITLE STATEMENT
Title Managerial accounting :
Remainder of title concepts for planning, control, decision making /
Statement of responsibility, etc. Ray H. Garrison.
250 ## - EDITION STATEMENT
Edition statement 6th ed.
260 ## - PUBLICATION, DISTRIBUTION, ETC.
Place of publication, distribution, etc. Homewood, IL :
Name of publisher, distributor, etc. Irwin,
Date of publication, distribution, etc. c1991.
300 ## - PHYSICAL DESCRIPTION
Extent xxii, 810 p. :
Other physical details ill. ;
Dimensions 27 cm.
500 ## - GENERAL NOTE
General note Includes index.
650 #0 - SUBJECT ADDED ENTRY--TOPICAL TERM
Topical term or geographic name entry element Managerial accounting.
942 ## - ADDED ENTRY ELEMENTS (KOHA)
Source of classification or shelving scheme Library of Congress Classification
Koha item type Books
Edition 6th ed.
Suppress in OPAC No
999 ## -
-- 9223
-- 9223
Holdings
Withdrawn status Lost status Source of classification or shelving scheme Damaged status Not for loan Collection Home library Current library Shelving location Date acquired Total checkouts Full call number Barcode Date last seen Copy number Price effective from Koha item type
    Library of Congress Classification     Non-fiction Business Library (Miotso) Business Library (Miotso) General stacks 04/15/2026   HF5657.4 .G37 1991 BSSM00003188 04/15/2026 1 04/15/2026 Books
    Library of Congress Classification     Non-fiction Business Library (Miotso) Business Library (Miotso) General stacks 04/15/2026   HF5657.4 .G37 1991 BSSM00003189 04/15/2026 2 04/15/2026 Books
    Library of Congress Classification     Non-fiction Business Library (Miotso) Business Library (Miotso) General stacks 04/15/2026   HF5657.4 .G37 1991 BSSM00003190 04/15/2026 3 04/15/2026 Books
    Library of Congress Classification     Non-fiction Business Library (Miotso) Business Library (Miotso) General stacks 04/15/2026   HF5657.4 .G37 1991 BSSM00003191 04/15/2026 4 04/15/2026 Books
© 2023-2024 Copyright: Central University Libraries. All Rights Reserved | Created by: Mahone Tech Office